| 000 | 00799nam a22002057a 4500 | ||
|---|---|---|---|
| 999 |
_c12073 _d12073 |
||
| 003 | AR-CdUCM | ||
| 008 | 190405b ||||| |||| 00| 0 spa d | ||
| 040 |
_aMUNICIPALIDAD PROVINCIAL DEL CUSCO _cBIBLIOTECA MUNICIPAL DEL CUSCO |
||
| 082 |
_aEP / 198.2 / _bP43 |
||
| 100 |
_aPeña de Zea, Dina _927981 |
||
| 245 |
_aDulce leer : _bAprendiendo valores con cuentos para niños del 3ro y 4to grado / |
||
| 260 |
_aLima : _bServicio gráfico urbano, _c2011. |
||
| 300 |
_a126 paginas _c29 cm. |
||
| 505 | _aContenido :El libro, el mejor amigo -- La paciencia y la paz -- El amor -- La solidaridad -- La humildad y la sencillez ... | ||
| 650 |
_aCuentos para primaria _929746 |
||
| 650 |
_aEducación primaria _91561 |
||
| 650 |
_aHistorietas _910786 |
||
| 942 |
_2ddc _cLIBROS |
||
| 945 |
_arum _d2019-04-05 |
||